000 00325nam a22001337a 4500
008 260123b ||||| |||| 00| 0 eng d
020 _a9789928479501
041 _aeng
080 _a0002
100 _a25
101 _aGAZ
245 _aGjuha e Urrejtjes ndaj Grave ne Internet
_cRichardson Self , Louise
942 _2lcc
_cBK
999 _c60758
_d60758